[Event "Ibiza Eivissa op 8th"]
[Site "Eivissa"]
[Date "2019.07.27"]
[Round "6"]
[White "Vidal Torres, Roberto"]
[Black "Prohens Escandell, Oscar"]
[Result "1-0"]
[WhiteElo "1417"]
[BlackElo "1429"]
[PlyCount "39"]
[EventDate "2019.07.07"]
[EventType "swiss"]
[EventRounds "7"]
[EventCountry "ESP"]
[SourceTitle "EXT 2020"]
[Source "ChessBase"]
[SourceDate "2019.10.17"]
[SourceVersion "1"]
[SourceVersionDate "2019.10.17"]
[SourceQuality "1"]

1. e4 c5 2. Nf3 d6 3. Bb5+ Bd7 4. Bc4 Nf6 5. Nc3 e6 6. 0-0 Be7 7. d4 cxd4 8. Nxd4 a6 9. h3 0-0 10. Bf4 e5 11. Be3 exd4 12. Bxd4 Nc6 13. Bxf6 Bxf6 14. Qh5 Ne5 15. Bb3 Bc6 16. Nd5 Bxd5 17. exd5 Rc8 18. c4 Nxc4 19. Bc2 Nxb2 20. Qxh7# 1-0

[Event "Ibiza Eivissa op 7th"]
[Site "Eivissa"]
[Date "2018.07.28"]
[Round "6"]
[White "Sorribas Fernandez, Maria Jose"]
[Black "Prohens Escandell, Oscar"]
[Result "0-1"]
[WhiteElo "1217"]
[BlackElo "1484"]
[PlyCount "94"]
[EventDate "2018.07.08"]
[EventType "swiss"]
[EventRounds "7"]
[EventCountry "ESP"]
[SourceTitle "EXT 2019"]
[Source "ChessBase"]
[SourceDate "2018.10.10"]
[SourceVersion "1"]
[SourceVersionDate "2018.10.10"]
[SourceQuality "1"]

1. d4 Nf6 2. Nc3 g6 3. e4 d6 4. Nf3 Bg7 5. h3 0-0 6. Bg5 Nc6 7. Bxf6 Bxf6 8. e5 dxe5 9. dxe5 Qxd1+ 10. Nxd1 Nxe5 11. Be2 Bf5 12. Rc1 c6 13. Ne3 Be6 14. b3 Nxf3+ 15. Bxf3 Bc3+ 16. Kf1 Rad8 17. g4 Rd2 18. Nc4 Bxc4+ 19. bxc4 Rfd8 20. Kg2 e6 21. Rhd1 Kg7 22. Rb1 Rxd1 23. Bxd1 b6 24. Bf3 c5 25. Rb3 Be5 26. Rd3 Rd4 27. Rxd4 Bxd4 28. Bc6 Kf6 29. Kf3 Ke5 30. h4 Kd6 31. Ba8 f5 32. a4 a5 33. Bb7 fxg4+ 34. Kxg4 Bxf2 35. Be4 Ke5 36. Bf3 Be3 37. h5 gxh5+ 38. Kxh5 h6 39. Be2 Kd4 40. Kg6 e5 41. Kf6 Bf4 42. Ke6 h5 43. Kd6 h4 44. Bf1 e4+ 45. Kc6 Bd2 46. Kxb6 e3 47. Kc6 h3 0-1

[Event "Ibiza Eivissa op 7th"]
[Site "Eivissa"]
[Date "2018.07.21"]
[Round "4"]
[White "Prohens Lopez, Aitor"]
[Black "Prohens Escandell, Oscar"]
[Result "1-0"]
[WhiteElo "1807"]
[BlackElo "1484"]
[PlyCount "55"]
[EventDate "2018.07.08"]
[EventType "swiss"]
[EventRounds "7"]
[EventCountry "ESP"]
[SourceTitle "EXT 2019"]
[Source "ChessBase"]
[SourceDate "2018.10.10"]
[SourceVersion "1"]
[SourceVersionDate "2018.10.10"]
[SourceQuality "1"]

1. e4 d6 2. d4 Nf6 3. Nc3 g6 4. Nf3 Bg7 5. Be2 0-0 6. 0-0 c6 7. a4 a5 8. h3 Na6 9. Be3 Qc7 10. d5 Bd7 11. Nd2 Nb4 12. Nc4 c5 13. f4 Rfd8 14. e5 Ne8 15. Nb5 Bxb5 16. axb5 e6 17. dxe6 dxe5 18. exf7+ Qxf7 19. Qc1 Qc7 20. fxe5 Bxe5 21. Nxe5 Qxe5 22. Bc4+ Nd5 23. Bxc5 Qc7 24. Qe3 b6 25. Bxd5+ Rxd5 26. Qe6+ Kg7 27. Bf8+ Kh8 28. Qxd5 1-0

[Event "Ibiza Eivissa op 7th"]
[Site "Eivissa"]
[Date "2018.07.15"]
[Round "3"]
[White "Prohens Escandell, Oscar"]
[Black "Tur Bordes, Arnau"]
[Result "1-0"]
[WhiteElo "1484"]
[BlackElo "1053"]
[PlyCount "75"]
[EventDate "2018.07.08"]
[EventType "swiss"]
[EventRounds "7"]
[EventCountry "ESP"]
[SourceTitle "EXT 2019"]
[Source "ChessBase"]
[SourceDate "2018.10.10"]
[SourceVersion "1"]
[SourceVersionDate "2018.10.10"]
[SourceQuality "1"]

1. d4 Nf6 2. c4 g6 3. g3 Bg7 4. Bg2 0-0 5. Nf3 d5 6. c5 Nc6 7. 0-0 Bf5 8. Nc3 Ne4 9. Bf4 e5 10. Nxe5 Nxd4 11. Qxd4 Re8 12. Qxd5 Nxc3 13. Qxf7+ Kh8 14. bxc3 Bxe5 15. Bxe5+ Rxe5 16. Rad1 Qg5 17. e3 Rxc5 18. Rc1 Bd3 19. Rfe1 Rf5 20. Qxc7 Raf8 21. Qd6 Rd8 22. f4 Rxd6 23. fxg5 Rb6 24. Bf1 Be4 25. Re2 Rxg5 26. Rd2 Rf6 27. Rd8+ Kg7 28. Bg2 Bxg2 29. Kxg2 h5 30. Rcd1 h4 31. R1d7+ Rf7 32. Rxf7+ Kxf7 33. Rd7+ Ke6 34. Rxb7 Kf5 35. Rb5+ Kg4 36. Rxg5+ Kxg5 37. gxh4+ Kxh4 38. Kf3 1-0

[Event "Ibiza Eivissa op 6th"]
[Site "Eivissa"]
[Date "2017.07.08"]
[Round "1"]
[White "Mosquera Rodrigo, Carlos"]
[Black "Prohens Escandell, Oscar"]
[Result "1-0"]
[WhiteElo "1859"]
[BlackElo "1455"]
[PlyCount "43"]
[EventDate "2017.07.08"]
[EventType "swiss"]
[EventRounds "7"]
[EventCountry "ESP"]
[SourceTitle "EXT 2019"]
[Source "ChessBase"]
[SourceDate "2018.10.10"]
[SourceVersion "1"]
[SourceVersionDate "2018.10.10"]
[SourceQuality "1"]

1. c4 g6 2. d4 Bg7 3. Nc3 Nf6 4. e4 d6 5. Nf3 0-0 6. Be2 Nc6 7. 0-0 a6 8. d5 Ne5 9. Nxe5 dxe5 10. Be3 h5 11. Qd2 Ng4 12. Bxg4 Bxg4 13. f3 Bd7 14. Bh6 Bxh6 15. Qxh6 e6 16. Rad1 Qe7 17. Kh1 Rad8 18. Rd2 b5 19. cxb5 axb5 20. a3 b4 21. axb4 Qxb4 22. Rfd1 1-0

[Event "Ibiza-ch"]
[Site "Eivissa"]
[Date "2016.11.19"]
[Round "4"]
[White "Prohens Escandell, Oscar"]
[Black "Reina Sorribas, Adrian"]
[Result "1-0"]
[WhiteElo "1480"]
[BlackElo "1180"]
[PlyCount "68"]
[EventDate "2016.11.06"]
[EventType "swiss"]
[EventRounds "7"]
[EventCountry "ESP"]
[SourceTitle "EXT 2018"]
[Source "ChessBase"]
[SourceDate "2017.10.13"]
[SourceVersion "1"]
[SourceVersionDate "2017.10.13"]
[SourceQuality "1"]

1. d4 d5 2. c4 e6 3. Nc3 Nf6 4. cxd5 exd5 5. Bg5 Bb4 6. Nf3 Nc6 7. e3 Bg4 8. Be2 0-0 9. 0-0 a6 10. a3 Be7 11. h3 Bxf3 12. Bxf3 Qd6 13. Bxf6 Bxf6 14. Nxd5 Bd8 15. b4 Ne7 16. Nxe7+ Qxe7 17. Bxb7 Ra7 18. Bf3 Qd7 19. Qc2 Qd6 20. Qc6 Qxc6 21. Bxc6 Bf6 22. g3 Rd8 23. Rfd1 Rd6 24. Rac1 a5 25. b5 Be7 26. a4 Rg6 27. Bg2 h5 28. h4 f5 29. Rc6 Bf6 30. Rdc1 Kh7 31. Rxc7 Rxc7 32. Rxc7 f4 33. Be4 fxg3 34. Bxg6+ Kxg6 1-0

[Event "Ibiza-ch"]
[Site "Eivissa"]
[Date "2016.11.12"]
[Round "2"]
[White "Prohens Escandell, Oscar"]
[Black "Cardona Serra, Juan Andres"]
[Result "1-0"]
[WhiteElo "1480"]
[BlackElo "1134"]
[PlyCount "33"]
[EventDate "2016.11.06"]
[EventType "swiss"]
[EventRounds "7"]
[EventCountry "ESP"]
[SourceTitle "EXT 2018"]
[Source "ChessBase"]
[SourceDate "2017.10.13"]
[SourceVersion "1"]
[SourceVersionDate "2017.10.13"]
[SourceQuality "1"]

1. d4 d5 2. c4 Nf6 3. Nc3 Bf5 4. cxd5 Nxd5 5. Nf3 Nc6 6. Bg5 Qd7 7. e3 0-0-0 8. Bb5 a6 9. Bxc6 Qxc6 10. 0-0 h6 11. Ne5 Qe6 12. Bh4 g5 13. Bg3 Bg7 14. Nd3 h5 15. Qe2 h4 16. Nxd5 c6 17. Nb6# 1-0

[Event "Ibiza Summer op 4th"]
[Site "Ibiza"]
[Date "2016.06.24"]
[Round "1"]
[White "Gonzalvez Tamarit, Ruben"]
[Black "Prohens Escandell, Oscar"]
[Result "1-0"]
[WhiteElo "1966"]
[BlackElo "1491"]
[PlyCount "53"]
[EventDate "2016.06.24"]
[EventType "swiss"]
[EventRounds "6"]
[EventCountry "ESP"]
[SourceTitle "CBM 173 Extra"]
[Source "ChessBase"]
[SourceDate "2016.08.29"]
[SourceVersion "1"]
[SourceVersionDate "2016.08.29"]
[SourceQuality "1"]

1. e4 c5 2. Nf3 d6 3. d4 cxd4 4. Nxd4 Nf6 5. Nc3 e5 6. Nb3 a6 7. f3 Be7 8. Be3 0-0 9. Qd2 Be6 10. 0-0-0 Nc6 11. g4 Rc8 12. h4 Qc7 13. h5 Bxb3 14. axb3 Qa5 15. Kb1 Nb4 16. g5 Rxc3 17. Qxc3 Qa2+ 18. Kc1 Nd7 19. Qxb4 Qa1+ 20. Kd2 Qxb2 21. Qc3 Qxc3+ 22. Kxc3 Rc8+ 23. Kb2 Nb8 24. g6 fxg6 25. hxg6 hxg6 26. Bc4+ Rxc4 27. bxc4 1-0

[Event "Ibiza-ch"]
[Site "Eivissa"]
[Date "2015.11.21"]
[Round "5"]
[White "Prohens Escandell, Oscar"]
[Black "Cabello Ferrer, Raquel"]
[Result "0-1"]
[WhiteElo "1504"]
[BlackElo "1254"]
[PlyCount "84"]
[EventDate "2015.11.07"]
[EventType "swiss"]
[EventRounds "7"]
[EventCountry "ESP"]
[SourceTitle "EXT 2017"]
[Source "ChessBase"]
[SourceDate "2016.10.25"]
[SourceVersion "1"]
[SourceVersionDate "2016.10.25"]
[SourceQuality "1"]

1. d4 d5 2. c4 c6 3. g3 Nf6 4. Bg2 Bf5 5. Qb3 Qb6 6. c5 Qxb3 7. axb3 Nbd7 8. Nf3 Be4 9. 0-0 Bxf3 10. Bxf3 e5 11. Be3 Be7 12. Nc3 exd4 13. Bxd4 Bxc5 14. Bxc5 Nxc5 15. Ra3 0-0 16. e3 Rfd8 17. Rd1 Ne6 18. Ne2 a6 19. b4 Rd7 20. Nd4 Nxd4 21. Rxd4 Re8 22. Rad3 Rde7 23. h3 g6 24. Kg2 Re5 25. Rb3 h5 26. h4 g5 27. hxg5 Rxg5 28. Rf4 Kg7 29. Kh3 Rh8 30. Rd3 Nd7 31. Rdd4 Nf8 32. Bd1 Ne6 33. Kh4 f6 34. Rd2 Nxf4 35. exf4 Rg6 36. Re2 Kf7 37. Re3 Rgh6 38. f5 Re8 39. Rxe8 Kxe8 40. Bxh5+ Ke7 41. Kg4 Kd6 42. Kh4 d4 0-1

[Event "Ibiza Eivissa op 4th"]
[Site "Eivissa"]
[Date "2015.02.15"]
[Round "6"]
[White "Sanchez Martinez, Pablo"]
[Black "Prohens Escandell, Oscar"]
[Result "1-0"]
[WhiteElo "1963"]
[BlackElo "1561"]
[PlyCount "53"]
[EventDate "2015.01.31"]
[EventType "swiss"]
[EventRounds "7"]
[EventCountry "ESP"]
[SourceTitle "EXT 2016"]
[Source "ChessBase"]
[SourceDate "2015.10.08"]
[SourceVersion "1"]
[SourceVersionDate "2015.10.08"]
[SourceQuality "1"]

1. e4 c5 2. c3 Nc6 3. Nf3 g6 4. d4 cxd4 5. cxd4 Bg7 6. Nc3 Qb6 7. Nd5 Qd8 8. Bf4 d6 9. h3 Nf6 10. Nc3 Qb6 11. Qd2 Nd7 12. Be3 Qd8 13. Be2 a6 14. d5 Nce5 15. Nd4 Qc7 16. Rc1 Nc4 17. Bxc4 Qxc4 18. Ncb5 Qxa2 19. Nc7+ Kd8 20. Nxa8 Nc5 21. Nb6 e6 22. Nxc8 e5 23. Ne6+ Kxc8 24. Nxc5 Kb8 25. Nd7+ Ka8 26. 0-0 Qa4 27. Nb6+ 1-0

[Event "Ibiza Eivissa op 4th"]
[Site "Eivissa"]
[Date "2015.02.01"]
[Round "2"]
[White "Prohens Escandell, Oscar"]
[Black "Guasch Juan, Juan Antonio"]
[Result "1/2-1/2"]
[WhiteElo "1561"]
[BlackElo "1254"]
[PlyCount "86"]
[EventDate "2015.01.31"]
[EventType "swiss"]
[EventRounds "7"]
[EventCountry "ESP"]
[SourceTitle "EXT 2016"]
[Source "ChessBase"]
[SourceDate "2015.10.08"]
[SourceVersion "1"]
[SourceVersionDate "2015.10.08"]
[SourceQuality "1"]

1. d4 f5 2. c4 e6 3. g3 c6 4. Bf4 d6 5. Bg2 h6 6. e4 Nf6 7. exf5 exf5 8. Ne2 Be7 9. 0-0 0-0 10. Nbc3 a5 11. d5 c5 12. Qc1 Nh7 13. Bxh6 gxh6 14. Qxh6 Bg5 15. Qg6+ Kh8 16. h4 Rf6 17. Qh5 Rh6 18. Qf3 Bxh4 19. gxh4 Qxh4 20. Nf4 Ng5 21. Qg3 Qxg3 22. fxg3 Nd7 23. Rae1 Ne5 24. Nb5 Nxc4 25. Re8+ Kg7 26. Rfe1 Ne5 27. Nxd6 Ngf3+ 28. Bxf3 Nxf3+ 29. Kf2 Nxe1 30. Nxc8 Nc2 31. Ne6+ Kf6 32. Rf8+ Ke5 33. Nxc5 Nb4 34. Nxb7 Rh2+ 35. Kf3 Rxb2 36. Re8+ Kxd5 37. Ne7+ Ke6 38. Rxa8 Kxe7 39. Rxa5 Rxa2 40. Rxf5 Ra3+ 41. Ke4 Rxg3 42. Re5+ Kd7 43. Nc5+ Kc6 1/2-1/2

[Event "Ibiza Eivissa op 4th"]
[Site "Eivissa"]
[Date "2015.01.31"]
[Round "1"]
[White "Mari Copa, Adria"]
[Black "Prohens Escandell, Oscar"]
[Result "1-0"]
[WhiteElo "2016"]
[BlackElo "1561"]
[PlyCount "52"]
[EventDate "2015.01.31"]
[EventType "swiss"]
[EventRounds "7"]
[EventCountry "ESP"]
[SourceTitle "EXT 2016"]
[Source "ChessBase"]
[SourceDate "2015.10.08"]
[SourceVersion "1"]
[SourceVersionDate "2015.10.08"]
[SourceQuality "1"]

1. e4 c5 2. Nf3 Nc6 3. Bb5 Na5 4. d4 a6 5. Be2 cxd4 6. Nxd4 Nc6 7. c4 g6 8. Nc3 e6 9. Be3 Bg7 10. Qd2 Nf6 11. Rd1 0-0 12. Nxc6 bxc6 13. Bc5 Re8 14. e5 Nh5 15. g4 Bxe5 16. gxh5 Qh4 17. Bd4 Bxd4 18. Qxd4 Qxd4 19. Rxd4 c5 20. Rg4 d5 21. hxg6 fxg6 22. h4 e5 23. Rg5 d4 24. Ne4 Ra7 25. Nf6+ Kf7 26. Nxe8 Kxe8 1-0

[Event "Eivissa Insular-ch"]
[Site "Eivissa"]
[Date "2014.10.25"]
[Round "1"]
[White "Planells Roig, Jose"]
[Black "Prohens Escandell, Oscar"]
[Result "1-0"]
[WhiteElo "2086"]
[BlackElo "1561"]
[PlyCount "51"]
[EventDate "2014.10.25"]
[EventType "swiss"]
[EventRounds "7"]
[EventCountry "ESP"]
[SourceTitle "EXT 2016"]
[Source "ChessBase"]
[SourceDate "2015.10.08"]
[SourceVersion "1"]
[SourceVersionDate "2015.10.08"]
[SourceQuality "1"]

1. e4 c5 2. Nf3 Nc6 3. d4 cxd4 4. Nxd4 g6 5. Nc3 Bg7 6. Be3 Nf6 7. Bc4 0-0 8. Bb3 d6 9. f3 Qa5 10. Qd2 Nxd4 11. Bxd4 b5 12. 0-0-0 Ba6 13. Kb1 Rfd8 14. g4 b4 15. Nd5 Nxd5 16. exd5 Bxd4 17. Qxd4 Be2 18. Rde1 Qb5 19. Qe4 Bxf3 20. Qxf3 Rd7 21. h4 Qc5 22. Re4 Rf8 23. h5 gxh5 24. Qf5 f6 25. Qxd7 Qf2 26. Rxe7 1-0

[Event "Ibiza Summer op 3rd"]
[Site "Ibiza"]
[Date "2014.06.30"]
[Round "5"]
[White "Cabello Ferrer, Raquel"]
[Black "Prohens Escandell, Oscar"]
[Result "0-1"]
[WhiteElo "1227"]
[BlackElo "1589"]
[PlyCount "96"]
[EventDate "2014.06.27"]
[EventType "swiss"]
[EventRounds "7"]
[EventCountry "ESP"]
[SourceTitle "CBM 161 Extra"]
[Source "ChessBase"]
[SourceDate "2014.08.29"]
[SourceVersion "1"]
[SourceVersionDate "2014.08.29"]
[SourceQuality "1"]

1. e4 c5 2. Nf3 Nc6 3. Bb5 Nd4 4. Nc3 Nxb5 5. Nxb5 g6 6. Nc3 Bg7 7. 0-0 Nf6 8. h3 0-0 9. d4 cxd4 10. Nxd4 d6 11. Nf3 b6 12. Re1 e5 13. Bg5 h6 14. Bxf6 Qxf6 15. Nd5 Qd8 16. c4 Bb7 17. Rc1 Bxd5 18. cxd5 Kh8 19. Qd2 f5 20. b3 f4 21. Rc6 Rf6 22. Qc1 Bf8 23. Re2 g5 24. Rec2 Qe8 25. Rc8 Rxc8 26. Rxc8 Qh5 27. Nh2 Qe2 28. Ng4 Rg6 29. Rxf8+ Kg7 30. Rc8 Kh7 31. Nxh6 Rxh6 32. Qc7+ Kg6 33. Qxd6+ Kh5 34. g4+ fxg3 35. Qf8 Qe1+ 36. Kg2 Qxe4+ 37. Qf3+ Qxf3+ 38. Kxf3 gxf2 39. Kxf2 Rd6 40. Re8 Rxd5 41. Kg3 Rd3+ 42. Kg2 Rd5 43. Kg3 Kg6 44. Re7 Ra5 45. a4 Kf6 46. Rc7 Kf5 47. Kf3 Rc5 48. Rxc5 bxc5 0-1

[Event "Ibiza Summer op 3rd"]
[Site "Ibiza"]
[Date "2014.06.29"]
[Round "4"]
[White "Prohens Escandell, Oscar"]
[Black "Vidal Torres, Roberto"]
[Result "0-1"]
[WhiteElo "1589"]
[BlackElo "1672"]
[PlyCount "69"]
[EventDate "2014.06.27"]
[EventType "swiss"]
[EventRounds "7"]
[EventCountry "ESP"]
[SourceTitle "CBM 161 Extra"]
[Source "ChessBase"]
[SourceDate "2014.08.29"]
[SourceVersion "1"]
[SourceVersionDate "2014.08.29"]
[SourceQuality "1"]

1. c4 e5 2. Nc3 Nf6 3. g3 Nc6 4. Bg2 Bc5 5. e3 a6 6. d3 0-0 7. Nge2 d6 8. 0-0 Be6 9. Nd5 Nd7 10. Nec3 Rb8 11. Ne4 Ba7 12. Qh5 h6 13. f4 f5 14. Nec3 Nf6 15. Qf3 Qd7 16. Kh1 Rbe8 17. Bd2 Bf7 18. Nxf6+ gxf6 19. Nd5 Bg6 20. Rfe1 e4 21. Qf1 Ne7 22. Nc3 Qe6 23. Bh3 d5 24. dxe4 dxe4 25. b3 Rd8 26. Red1 Rd3 27. Qg2 Bh5 28. g4 fxg4 29. Bxg4 Qxg4 30. Qxg4+ Bxg4 31. Rg1 Rxd2 32. Rxg4+ Kf7 33. Nxe4 f5 34. Ng5+ hxg5 35. Rxg5 0-1